[Event "Titled Tuesday intern op 04th Jun Early"]
[Site "Chess.com INT"]
[Date "2024.06.04"]
[Round "3"]
[White "Borgaonkar, Akshay"]
[Black "Peterson, Chris"]
[Result "1-0"]
[WhiteElo "2378"]
[BlackElo "2038"]
[PlyCount "25"]
[EventDate "2024.06.04"]
[EventType "swiss (blitz)"]
[EventRounds "11"]
[EventCountry "USA"]
[SourceTitle "EXT 2025"]
[Source "ChessBase"]
[SourceDate "2024.10.14"]
[SourceVersion "1"]
[SourceVersionDate "2024.10.14"]
[SourceQuality "1"]

1. d4 Nf6 2. Nc3 d5 3. Bf4 c5 4. e3 a6 5. Nf3 Qb6 6. Na4 Qa5+ 7. c3 e6 8. dxc5 Bd7 9. Nb6 Qxc5 10. Nxa8 Nc6 11. Nc7+ Kd8 12. Rc1 Bd6 13. b4 1-0

[Event "Titled Tuesday intern op 04th Jun Early"]
[Site "Chess.com INT"]
[Date "2024.06.04"]
[Round "11"]
[White "Peterson, Chris"]
[Black "Andreev, Konstantin1"]
[Result "0-1"]
[WhiteElo "2038"]
[BlackElo "2240"]
[PlyCount "116"]
[EventDate "2024.06.04"]
[EventType "swiss (blitz)"]
[EventRounds "11"]
[EventCountry "USA"]
[SourceTitle "EXT 2025"]
[Source "ChessBase"]
[SourceDate "2024.10.14"]
[SourceVersion "1"]
[SourceVersionDate "2024.10.14"]
[SourceQuality "1"]

1. e4 c5 2. Nf3 e6 3. d4 cxd4 4. Nxd4 Nc6 5. Nxc6 bxc6 6. Bd3 d5 7. Nc3 Nf6 8. 0-0 Be7 9. Re1 0-0 10. Bf4 Bb7 11. Qf3 Nd7 12. exd5 cxd5 13. Qh3 g6 14. Bh6 Re8 15. Rad1 Bf6 16. Nb5 Qb8 17. c4 a6 18. Nc3 dxc4 19. Bxg6 hxg6 20. Rxd7 Bc6 21. Rd2 Qb4 22. Red1 Rad8 23. Be3 Rxd2 24. Rxd2 Rd8 25. a3 Qb8 26. Rxd8+ Qxd8 27. Qg4 Kg7 28. h4 Qb8 29. Qxc4 Qxb2 30. Qxc6 Qxc3 31. Qxc3 Bxc3 32. Kf1 Kf6 33. Ke2 Ke5 34. Kd3 Ba5 35. g4 Kd5 36. a4 e5 37. h5 gxh5 38. gxh5 Bd8 39. h6 Bf6 40. f3 Bh8 41. Bg5 f6 42. Be3 f5 43. Bg5 Kc5 44. Be7+ Kd5 45. Bf8 Ke6 46. Bg7 Bxg7 47. hxg7 Kf7 48. Kc4 Kxg7 49. Kd5 Kf6 50. a5 f4 51. Ke4 Ke6 52. Kd3 Kd5 53. Kc3 e4 54. fxe4+ Kxe4 55. Kc4 f3 56. Kc5 f2 57. Kb6 f1Q 58. Ka7 Qb5 0-1

[Event "Titled Tuesday intern op 04th Jun Early"]
[Site "Chess.com INT"]
[Date "2024.06.04"]
[Round "10"]
[White "Peterson, Chris"]
[Black "Momin, Fayzan"]
[Result "1-0"]
[WhiteElo "2038"]
[BlackElo "1950"]
[PlyCount "107"]
[EventDate "2024.06.04"]
[EventType "swiss (blitz)"]
[EventRounds "11"]
[EventCountry "USA"]
[SourceTitle "EXT 2025"]
[Source "ChessBase"]
[SourceDate "2024.10.14"]
[SourceVersion "1"]
[SourceVersionDate "2024.10.14"]
[SourceQuality "1"]

1. e4 c6 2. d4 Na6 3. Nf3 Nc7 4. Bd3 d5 5. e5 Bg4 6. h3 Bxf3 7. Qxf3 e6 8. 0-0 c5 9. c4 Ne7 10. dxc5 Nc6 11. cxd5 Nxe5 12. Qg3 Nxd3 13. d6 Nxc5 14. dxc7 Qc8 15. Rd1 Nd7 16. Bf4 f6 17. Bd6 e5 18. Qa3 Bxd6 19. Qxd6 Nb6 20. Nc3 Kf7 21. Nb5 Qe6 22. Rac1 Qxa2 23. Qc5 Rhf8 24. Nd6+ Kg8 25. Nxb7 Qe6 26. Nd6 Nc8 27. b4 Nb6 28. b5 h5 29. Rc3 g5 30. Ne4 Rac8 31. Rd6 Qe7 32. Ng3 Qh7 33. Rc6 h4 34. Nf1 Rf7 35. Ne3 Qe4 36. f3 Qb1+ 37. Kh2 Qg6 38. Nd5 Na4 39. Qd6 Nxc3 40. Rxc3 Kg7 41. Ne7 Rxe7 42. Qxe7+ Qf7 43. Qd6 Kg6 44. Rc6 Kg7 45. Qc5 Qd7 46. Qxa7 e4 47. fxe4 g4 48. hxg4 Qxg4 49. Qc5 Qg3+ 50. Kh1 Ra8 51. Qe7+ Kh6 52. Rxf6+ Kh5 53. Qh7+ Kg5 54. Qg6# 1-0

[Event "Titled Tuesday intern op 04th Jun Early"]
[Site "Chess.com INT"]
[Date "2024.06.04"]
[Round "1"]
[White "Peterson, Chris"]
[Black "Nitish, Belurkar"]
[Result "0-1"]
[WhiteElo "2038"]
[BlackElo "2434"]
[PlyCount "66"]
[EventDate "2024.06.04"]
[EventType "swiss (blitz)"]
[EventRounds "11"]
[EventCountry "USA"]
[SourceTitle "EXT 2025"]
[Source "ChessBase"]
[SourceDate "2024.10.14"]
[SourceVersion "1"]
[SourceVersionDate "2024.10.14"]
[SourceQuality "1"]

1. e4 c5 2. Nf3 e6 3. d4 cxd4 4. Nxd4 Nf6 5. Bd3 Nc6 6. Nxc6 bxc6 7. c4 d5 8. Nc3 d4 9. Ne2 e5 10. 0-0 Bd6 11. Bg5 h6 12. Bd2 0-0 13. b4 Re8 14. Ng3 Bg4 15. f3 Be6 16. Qc2 Qe7 17. a3 Reb8 18. Rfb1 h5 19. Nf5 Bxf5 20. exf5 c5 21. b5 Qc7 22. a4 e4 23. Bxe4 Bxh2+ 24. Kh1 Nxe4 25. Qxe4 Re8 26. Qh4 Bg3 27. Qxh5 Re2 28. Bg5 Rae8 29. Bh4 d3 30. f6 d2 31. Rg1 Qf4 32. Bxg3 Qxg3 33. Qxc5 Qh4# 0-1

[Event "Denver Colorado op"]
[Site "Denver"]
[Date "2016.09.??"]
[Round "2"]
[White "Peterson, Chris"]
[Black "Lundstrom, Brad"]
[Result "1-0"]
[WhiteElo "2232"]
[BlackElo "2031"]
[PlyCount "93"]
[EventDate "2016.09.02"]
[EventType "swiss"]
[EventRounds "4"]
[EventCountry "USA"]
[SourceTitle "EXT 2020"]
[Source "ChessBase"]
[SourceDate "2019.10.17"]
[SourceVersion "1"]
[SourceVersionDate "2019.10.17"]
[SourceQuality "1"]

1. e4 c5 2. Nf3 d6 3. d4 cxd4 4. Nxd4 Nf6 5. Nc3 g6 6. Be3 Bg7 7. f3 Nc6 8. Qd2 0-0 9. g4 Qa5 10. 0-0-0 Bd7 11. Nb3 Qc7 12. h4 Ne5 13. Nd4 Nc4 14. Bxc4 Qxc4 15. Bh6 b5 16. Bxg7 Kxg7 17. h5 Rh8 18. h6+ Kf8 19. Kb1 b4 20. Nce2 a5 21. c3 Rg8 22. Rc1 Ne8 23. b3 bxc3 24. Rxc3 Qb4 25. Kb2 f6 26. a3 Qb6 27. g5 e5 28. Nc2 f5 29. f4 Bc6 30. Ng3 Ke7 31. Re1 Rf8 32. exf5 gxf5 33. fxe5 d5 34. g6 hxg6 35. Qg5+ Kd7 36. e6+ Kd6 37. e7 Rf7 38. Qxg6+ Rf6 39. Nxf5+ Kc7 40. Qg3+ Kb7 41. h7 Nc7 42. Qe5 Re6 43. Qxe6 Nxe6 44. Rxe6 Rh8 45. Rexc6 Qxc6 46. Rxc6 Kxc6 47. Ng7 1-0

[Event "Colorado-ch"]
[Site "Lone Tree"]
[Date "2016.05.??"]
[Round "3"]
[White "Andersen, Gunnar James"]
[Black "Peterson, Chris"]
[Result "1-0"]
[WhiteElo "2205"]
[BlackElo "2241"]
[PlyCount "73"]
[EventDate "2016.05.27"]
[EventType "tourn"]
[EventRounds "5"]
[EventCountry "USA"]
[SourceTitle "EXT 2017"]
[Source "ChessBase"]
[SourceDate "2016.10.25"]
[SourceVersion "1"]
[SourceVersionDate "2016.10.25"]
[SourceQuality "1"]

1. e4 c5 2. Nf3 d6 3. d4 cxd4 4. Nxd4 Nf6 5. Nc3 g6 6. Be3 Bg7 7. f3 Nc6 8. Qd2 0-0 9. Bc4 Bd7 10. 0-0-0 Rc8 11. Bb3 Ne5 12. h4 Qa5 13. Kb1 Nc4 14. Bxc4 Rxc4 15. Nd5 Qd8 16. g4 e6 17. Nc3 Qe7 18. Nde2 Rc6 19. Bg5 Rd8 20. h5 Rb6 21. hxg6 fxg6 22. Qf4 Rc8 23. Qh2 Bh8 24. e5 dxe5 25. Ne4 Be8 26. Qh4 Qc7 27. Rd2 Nxe4 28. fxe4 Rb4 29. Be7 h5 30. Bxb4 a5 31. Bd6 Qc4 32. gxh5 gxh5 33. Rg1+ Kh7 34. Qe7+ Kh6 35. Qf8+ Kh7 36. Qg8+ Kh6 37. Qxh8# 1-0

[Event "Colorado-ch"]
[Site "Lone Tree"]
[Date "2016.05.??"]
[Round "4"]
[White "Peterson, Chris"]
[Black "Canney, Randy"]
[Result "1-0"]
[WhiteElo "2241"]
[BlackElo "2238"]
[PlyCount "86"]
[EventDate "2016.05.27"]
[EventType "tourn"]
[EventRounds "5"]
[EventCountry "USA"]
[SourceTitle "EXT 2017"]
[Source "ChessBase"]
[SourceDate "2016.10.25"]
[SourceVersion "1"]
[SourceVersionDate "2016.10.25"]
[SourceQuality "1"]

1. Nf3 d5 2. c4 e6 3. g3 Nf6 4. Bg2 Be7 5. d4 0-0 6. 0-0 c5 7. cxd5 exd5 8. Nc3 Nc6 9. dxc5 d4 10. Nb5 Bxc5 11. Bg5 h6 12. Bxf6 Qxf6 13. Nc7 Rb8 14. Rc1 Bb6 15. Nd5 Qd8 16. Nf4 Re8 17. Qc2 g5 18. Nd3 Bf5 19. a3 Qf6 20. Qd2 Re7 21. h4 g4 22. Nh2 Rbe8 23. Nf4 Re5 24. b4 Kh7 25. a4 Qd6 26. a5 Bd8 27. a6 Nxb4 28. axb7 Bb6 29. Rc4 a5 30. Rfc1 Rc5 31. Rxc5 Bxc5 32. Qd1 Bb6 33. Qb3 Qd7 34. Bc6 Nxc6 35. Qxb6 Be4 36. f3 gxf3 37. exf3 d3 38. fxe4 d2 39. Rd1 Rxe4 40. Rxd2 Qxd2 41. Qxc6 Re1+ 42. Nf1 Qe3+ 43. Kg2 Qd2+ 1-0

[Event "Greenwood Village Colorado op"]
[Site "Greenwood"]
[Date "2014.08.??"]
[Round "?"]
[White "Peterson, Chris"]
[Black "Baxter, Paul"]
[Result "1-0"]
[WhiteElo "2156"]
[BlackElo "1883"]
[PlyCount "43"]
[EventDate "2014.08.30"]
[EventType "tourn"]
[EventRounds "5"]
[EventCountry "USA"]
[SourceTitle "EXT 2020"]
[Source "ChessBase"]
[SourceDate "2019.10.17"]
[SourceVersion "1"]
[SourceVersionDate "2019.10.17"]
[SourceQuality "1"]

1. Nf3 d5 2. c4 c6 3. g3 Nf6 4. Bg2 g6 5. d4 Bg7 6. 0-0 0-0 7. Nc3 dxc4 8. Ne5 Nbd7 9. Nxc4 Re8 10. Qb3 Nb6 11. Nxb6 Qxb6 12. Qxb6 axb6 13. e4 Rd8 14. d5 e6 15. Be3 c5 16. Bf4 Ne8 17. e5 Ra5 18. Rad1 Nc7 19. d6 Nb5 20. Nxb5 Rxb5 21. d7 Rxd7 22. Bxb7 1-0